Význam a postavenie V4 v súčasnom bezpečnostnom prostredí v kontexte ukrajinského konfliktu

Bezpečnostné prostredie krajín Vyšehradskej štvorky. Akčný plán o obrannej spolupráci V4. Pohľad V4 na Spoločnú bezpečnostnú a obrannú politiku ako na potenciálny nástroj pre zapojenie externých partnerov. Podpora a spolupráca medzi V4 a Ukrajinou v bezpečnostnom sektore po roku 2014, kedy sa Ukraji...

Celý popis

Uložené v:
Podrobná bibliografia
Hlavný autor: Kollár, Dávid
Médium: Kapitola
Jazyk:Slovak
Predmet:
Tagy: Pridať tag
Žiadne tagy, Buďte prvý, kto otaguje tento záznam!

MARC

LEADER 00000nla a2200000 4500
001 0243040
005 20240417075138.7
041 0 |a slo 
044 |a SK 
245 1 0 |a Význam a postavenie V4 v súčasnom bezpečnostnom prostredí v kontexte ukrajinského konfliktu  |c Dávid Kollár 
520 |a Bezpečnostné prostredie krajín Vyšehradskej štvorky. Akčný plán o obrannej spolupráci V4. Pohľad V4 na Spoločnú bezpečnostnú a obrannú politiku ako na potenciálny nástroj pre zapojenie externých partnerov. Podpora a spolupráca medzi V4 a Ukrajinou v bezpečnostnom sektore po roku 2014, kedy sa Ukrajina stala obeťou ruskej agresie. Odsúdenie ruskej anexie Krymu. 
610 2 0 |a bezpečnosť medzinárodná 
610 2 0 |a spolupráca medzinárodná 
610 2 0 |a vzťahy medzinárodné 
610 2 0 |a Vyšehradská štvorka 
610 2 0 |a Ukrajina 
610 2 0 |a Rusko 
610 2 0 |a konflikty 
100 1 |a Kollár, Dávid